000 02359 am a2200553 a 4500
005 20240215131141.0
008 100806s2003||||ag a f |||| 001 0 spa d
020 _a9500613662
041 _aspa
092 _c574.8
_l7
_sBIO
245 _aBiología celular y molecular /
_cHarvey Lodish
250 _a4a ed. 1a reimp.
_bTraducción Karen Mikkelsen y Jorge Negrete.
260 _aBuenos Aires:
_bEditorial Médica Panamericana;
_c2003.
300 _a1084 p.
_eCD Rom
500 _aLodish, H. et al. (2003). Biología celular y molecular. (4a ed.). Buenos Aires : Editorial Médica Panamericana.
653 _aCélula dinámica
653 _aFundamentos químicos
653 _aEstructura y función de las proteinas
653 _aAcidos nucleicos, códigos genéticos y síntesis de macromoléculas
653 _aBiomembranas y organizacion subcelular de las células eucariontes
653 _aManipulación de células y virus en cultivos
653 _aDNA recombinante y genómico
653 _aAnálisis genético en biología celular
653 _aEstructura molecular de genes y cromosomas
653 _aRegulación del inicio de la transcripción
653 _aProcesamiento del RNA, transporte nuclear y control postrancripcional
653 _aReplicación, reparación y recombinación del DNA
653 _aRegulación del ciclo celular eucarionte
653 _aControl génico en el desarrollo
653 _aTransporte a través de las membranas celulares
653 _aEnergía celular: glucólisis, oxidación aeróbica y fotosíntesis
653 _aClasificación de las proteínas: biogénesis de organelas y secreción de proteínas
653 _aMovilidad y forma de la célula I: microfilamentos
653 _aMovilidad y forma de la célula II: microtúbulos y filamentos intermedios
653 _aSeñales intercelulares: hormonas y receptores
653 _aCélulas nerviosas
653 _aIntegración de células en tejidos
653 _aInteracciones celulares en el desarrollo
653 _aCáncer
700 1 _aLodish, Harvey.
_9841
700 1 _aBerk, Arnold.
_9842
700 1 _aZipursky, S. Lawrence.
_9843
700 1 _aMatsudaira, Paul.
_9844
700 1 _aBaltimor, David.
_9845
700 1 _aDarnell, James E.
_9846
930 _a1113
930 _a1015
942 _2ddc
_cBK
999 _c566
_d566